Online
Catalog

10 Tabúes sobre el liderazgo / (Record no. 47878)

MARC details
000 -CABECERA
campo de control de longitud fija 01399nam a2200253 a 4500
001 - NÚMERO DE CONTROL
campo de control 000048390
005 - FECHA Y HORA DE LA ÚLTIMA TRANSACCIÓN
campo de control 20201002061122.0
008 - DATOS DE LONGITUD FIJA--INFORMACIÓN GENERAL
campo de control de longitud fija 190219s2016 dr ac 000 m spa d
020 ## - NÚMERO INTERNACIONAL ESTÁNDAR DEL LIBRO
Número Internacional Estándar del Libro 9789945897951
040 ## - FUENTE DE LA CATALOGACIÓN
Centro catalogador/agencia de origen DO-SdBNP
Lengua de catalogación spa
Centro/agencia transcriptor BNPHU
082 ## - NÚMERO DE LA CLASIFICACIÓN DECIMAL DEWEY
Número de clasificación xxxx
Número de documento/Ítem M671d
100 1# - ENTRADA PRINCIPAL--NOMBRE DE PERSONA
Nombre de persona Mirabal, Yoselman R.,
Fechas asociadas al nombre 1969-
9 (RLIN) 1777
245 10 - MENCIÓN DE TÍTULO
Título 10 Tabúes sobre el liderazgo /
Mención de responsabilidad, etc. Yoselman Rodwin Mirabal Rosario.
246 10 - FORMA VARIANTE DE TÍTULO
Título propio/Titulo breve Diez tabúes sobre el liderazgo.
260 ## - PUBLICACIÓN, DISTRIBUCIÓN, ETC.
Lugar de publicación, distribución, etc. Santo Domingo :
Nombre del editor, distribuidor, etc. Producciones Mirabal,
Fecha de publicación, distribución, etc. 2016.
300 ## - DESCRIPCIÓN FÍSICA
Extensión 88 p. :
Otras características físicas il., retrs. ;
Dimensiones 22 cm.
490 1# - MENCIÓN DE SERIE
Mención de serie Tabúes
500 ## - NOTA GENERAL
Nota general Incluye datos biográficos del autor en la solapa de la contracubierta
504 ## - NOTA DE BIBLIOGRAFÍA, ETC.
Nota de bibliografía, etc. Bibliografía : p. 87-88
505 0# - NOTA DE CONTENIDO CON FORMATO
Nota de contenido con formato Ideas centrales --
Título Introducción --
-- Antes de empezar --
-- El liderazgo debe ejercerlo el hombre, no la mujer --
-- Los líderes nacen, no se hacen --
-- Líder igual a jefe --
-- Líder igual a protagonista --
-- Los líderes son infalibles, nunca se vienen abajo --
-- Sin cargo o posición no es posible ejercer liderazgo --
-- El poder corrompe a los líderes --
-- Los líderes abiertos y honestos acerca de sus debilidades y las de los demás, pierden influencia --
-- Los líderes cristianos no son políticos --
-- Líder en todo y todo el tiempo
590 ## - NOTA LOCAL (RLIN)
Nota local La biblioteca posee 3 ejemplares autografiados por el autor --.
590 ## - NOTA LOCAL (RLIN)
Nota local Inventariado, 2019/LP
830 #0 - PUNTO DE ACCESO ADICIONAL DE SERIE-TÍTULO UNIFORME
Título uniforme Tabúes
9 (RLIN) 75801
Holdings
Estado de retiro Estado de pérdida Restricciones de uso No para préstamo Código de colección Localización permanente Ubicación/localización actual Ubicación en estantería Fecha de adquisición Número de inventario Total de préstamos Signatura topográfica completa Código de barras Fecha visto por última vez Número de copia Precio válido a partir de Tipo de ítem Koha
        Dominicana de Servicio General General Depósito 19.02.2019 LF1   xxxx M671d 48390-30 25.06.2020 e. 3 25.06.2020 Libro y Folleto Colección Dominicana de Servicio
      Excluido de préstamo Patrimonio Dominicano Patrimonio Dominicano Patrimonio Dominicano Depósito 19.02.2019 LF1   xxxx M671d 48390-10 25.06.2020   25.06.2020 Libro y Folleto Colección Patrimonio Dominicano
      Excluido de préstamo Patrimonio Dominicano Patrimonio Dominicano Patrimonio Dominicano Depósito 19.02.2019 LF1   xxxx M671d 48390-20 25.06.2020 e. 2 25.06.2020 Libro y Folleto Colección Patrimonio Dominicano

Powered by Koha